000 00384 a2200169 4500
001 188547
020 _a85-249-1196-4
040 _cMagnum
100 _aAlbergaria, Lino de
240 1 0 _aCabelos de fogo, olhos de água
_lpor
245 1 0 _aCabelos de fogo, olhos de água
300 _a103
362 0 _a2006
440 1 _aCortez
697 _aLITERATURA JUVENIL
942 _cBK
999 _c188547
_d188547